Case Study of Coal Based Supercritical Technology for Power Generation At Jamshoro Thermal Power Station (Record no. 58528)

000 -LEADER
fixed length control field 00451nam a2200157Ia 4500
100 ## - MAIN ENTRY--AUTHOR NAME
Personal name 12ME07
100 ## - MAIN ENTRY--AUTHOR NAME
Personal name Haris Qureshi
245 #0 - TITLE STATEMENT
Title Case Study of Coal Based Supercritical Technology for Power Generation At Jamshoro Thermal Power Station
260 ## - PUBLICATION, DISTRIBUTION, ETC. (IMPRINT)
Place of publication Nawabshah
260 ## - PUBLICATION, DISTRIBUTION, ETC. (IMPRINT)
Name of publisher QUEST
260 ## - PUBLICATION, DISTRIBUTION, ETC. (IMPRINT)
Year of publication 2012
300 ## - PHYSICAL DESCRIPTION
Number of Pages 57
700 ## - ADDED ENTRY--PERSONAL NAME
Personal name Department of Mechanical Engineering
Holdings
Withdrawn status Lost status Permanent Location Current Location Date acquired Accession Number Koha item type
    Central Library, QUEST, Nawabshah Research Section 2018-04-24 MEP/26-336 Thesis and Dissertation

Copyright © 2018,The QUEST, Nawabshah, Shaheed Benazirabad. All rights reserved
Mr. G. Farooq Channar (Librarian) QUEST, Nawabshah, Sindh, Pakistan 67480.
 Ph#: |   0244-9370381-4 Ext. 2308   Email| lib@quest.edu.pk   Web|  http://www.quest.edu.pk